00503nam a2200157 a 45000010005000000030009000050080041000140400028000550820017000831000017001002450122001172600038002393000015002774900024002926500029003163679CO-ViMGA141112s2004 ck r 000 u spa d aCO-ViMGAbspacCO-ViMGA04a926.16 F765f1 aFunk, Rainer10aFromm : bvida y obra : bcon testimonios personales de erich fromm y documentación gráfica reunidos por el autor aBuenos Aires : bPaidós, c1987 a206 p : il aPaidós studio, 5914aFROMM, ERICH 1900 - 1980